Statistics for Clubs with most seasons in Champions League without winning the trophy

Click here to take the quiz!

General Stats

  • This quiz has been taken 61 times
  • The average score is 5 of 11

Answer Stats

SeasonsAnswer% Correct
19Arsenal
91%
14Lyon
69%
17Olympiakos
54%
14Galatasaray
54%
12Benfica
52%
15PSV
46%
16Dynamo Kiev
43%
11Spartak Moscow
35%
11Rosenborg
26%
11Bayer Leverkusen
22%
11Shakhtar Donetsk
13%

Score Distribution

Percentile by Number Answered

Percent of People with Each Score

Your Score History

You have not taken this quiz